| 000 | 00633cab a2200193 4500 | ||
|---|---|---|---|
| 001 | WB2524-21 | ||
| 008 | 090401t1989 xxu||||| |||| 00| 0 eng d | ||
| 035 | _a(Sirsi) u62156 | ||
| 041 | _aeng | ||
| 245 | _aGIS for Welsh coastline | ||
| 260 | _c1989 | ||
| 350 | _a0 | ||
| 490 |
_aIndependent _v16/6/89 p7 |
||
| 520 | _aA Geographic Information System which will demonstrate the effect of proposed developments on the environment, has been launched by the Nature Conservancy Council for an area of the South Wales coastline. | ||
| 650 | _aINTERGRAPH | ||
| 690 | _aPRACTICE AND TECHNIQUES | ||
| 942 | _n0 | ||
| 948 | _c04/03/1997 | ||
| 999 |
_c38611 _d38611 |
||